[Event "DEM U12 2021"]
[Site "Willingen GER"]
[Date "2021.08.25"]
[Round "4"]
[White "Kullmann, Max"]
[Black "Mündörfer, Sebastian"]
[Result "0-1"]
[Termination "normal"]
[Board "17"]
[WhiteElo "1411"]
[BlackElo "1176"]
[WhiteClock "00:05:57"]
[BlackClock "01:17:43"]
[PlyCount "96"]
[WhiteFideId "16218574"]
[BlackFideId "34604367"]
[EventCountry "GER"]
[EventRounds "9"]
[EventType "swiss"]
[EventDate "2021.08.22"]

1. d4 {[%clk 01:30:57]} {[%emt 00:00:02]} Nf6 {[%clk 01:30:57]} {[%emt
00:00:04]} 2. c4 {[%clk 01:31:22]} {[%emt 00:00:05]} e6 {[%clk 01:31:24]}
{[%emt 00:00:04]} 3. Nc3 {[%clk 01:31:45]} {[%emt 00:00:06]} Bb4 {[%clk
01:31:50]} {[%emt 00:00:04]} 4. e3 {[%clk 01:32:08]} {[%emt 00:00:07]} O-O
{[%clk 01:30:51]} {[%emt 00:01:29]} 5. Nge2 {[%clk 01:31:05]} {[%emt 00:01:33]}
b6 {[%clk 01:30:49]} {[%emt 00:00:33]} 6. a3 {[%clk 01:19:31]} {[%emt
00:12:04]} Be7 {[%clk 01:31:05]} {[%emt 00:00:15]} 7. Nf4 {[%clk 01:16:08]}
{[%emt 00:03:52]} Bb7 {[%clk 01:29:19]} {[%emt 00:02:17]} 8. Be2 {[%clk
01:06:28]} {[%emt 00:10:09]} d6 {[%clk 01:26:54]} {[%emt 00:02:54]} 9. Bf3
{[%clk 01:05:03]} {[%emt 00:01:55]} c6 {[%clk 01:25:39]} {[%emt 00:01:45]} 10.
O-O {[%clk 01:04:20]} {[%emt 00:01:13]} d5 {[%clk 01:25:04]} {[%emt 00:01:06]}
11. cxd5 {[%clk 01:02:38]} {[%emt 00:02:13]} cxd5 {[%clk 01:23:09]} {[%emt
00:02:41]} 12. Bd2 {[%clk 00:53:57]} {[%emt 00:08:54]} Nc6 {[%clk 01:21:52]}
{[%emt 00:01:48]} 13. Rc1 {[%clk 00:52:27]} {[%emt 00:02:00]} Na5 {[%clk
01:20:10]} {[%emt 00:02:12]} 14. Na4 {[%clk 00:43:24]} {[%emt 00:09:33]} Nc4
{[%clk 01:19:32]} {[%emt 00:01:09]} 15. Qe1 {[%clk 00:36:58]} {[%emt 00:06:55]}
Qd7 {[%clk 01:17:22]} {[%emt 00:02:41]} 16. Bb4 {[%clk 00:24:51]} {[%emt
00:12:37]} Bxb4 {[%clk 01:17:34]} {[%emt 00:00:19]} 17. Qxb4 {[%clk 00:25:12]}
{[%emt 00:00:08]} a5 {[%clk 01:17:53]} {[%emt 00:00:11]} 18. Qb3 {[%clk
00:24:15]} {[%emt 00:01:26]} Bc6 {[%clk 01:17:14]} {[%emt 00:01:09]} 19. Nxb6
{[%clk 00:14:49]} {[%emt 00:09:57]} Qb7 {[%clk 01:16:50]} {[%emt 00:00:53]} 20.
Rxc4 {[%clk 00:14:40]} {[%emt 00:00:39]} dxc4 {[%clk 01:17:09]} {[%emt
00:00:12]} 21. Bxc6 {[%clk 00:14:58]} {[%emt 00:00:12]} cxb3 {[%clk 01:17:10]}
{[%emt 00:00:29]} 22. Bxb7 {[%clk 00:15:17]} {[%emt 00:00:10]} Rab8 {[%clk
01:17:35]} {[%emt 00:00:06]} 23. Bf3 {[%clk 00:14:58]} {[%emt 00:00:49]} Rxb6
{[%clk 01:17:52]} {[%emt 00:00:14]} 24. Rc1 {[%clk 00:15:15]} {[%emt 00:00:12]}
Rbb8 {[%clk 01:18:01]} {[%emt 00:00:21]} 25. Rc3 {[%clk 00:14:26]} {[%emt
00:01:18]} Rfc8 {[%clk 01:18:11]} {[%emt 00:00:20]} 26. Ne2 {[%clk 00:14:44]}
{[%emt 00:00:12]} Nd5 {[%clk 01:16:17]} {[%emt 00:02:24]} 27. Bxd5 {[%clk
00:14:07]} {[%emt 00:01:07]} exd5 {[%clk 01:16:30]} {[%emt 00:00:17]} 28. Kf1
{[%clk 00:14:16]} {[%emt 00:00:21]} Rxc3 {[%clk 01:16:22]} {[%emt 00:00:38]}
29. Nxc3 {[%clk 00:14:30]} {[%emt 00:00:29]} Rc8 {[%clk 01:16:35]} {[%emt
00:00:04]} 30. Na4 {[%clk 00:08:34]} {[%emt 00:06:25]} Rc2 {[%clk 01:16:03]}
{[%emt 00:01:02]} 31. g4 {[%clk 00:07:09]} {[%emt 00:01:54]} Kf8 {[%clk
01:15:49]} {[%emt 00:00:43]} 32. h4 {[%clk 00:07:20]} {[%emt 00:00:20]} Ke7
{[%clk 01:15:07]} {[%emt 00:01:13]} 33. Kg2 {[%clk 00:05:42]} {[%emt 00:02:07]}
Kd6 {[%clk 01:14:47]} {[%emt 00:00:51]} 34. Kg3 {[%clk 00:05:22]} {[%emt
00:00:49]} Kc6 {[%clk 01:14:40]} {[%emt 00:00:38]} 35. f3 {[%clk 00:04:54]}
{[%emt 00:00:57]} Kb5 {[%clk 01:14:57]} {[%emt 00:00:14]} 36. Nc5 {[%clk
00:04:25]} {[%emt 00:00:59]} Rxb2 {[%clk 01:14:51]} {[%emt 00:00:35]} 37. Nxb3
{[%clk 00:04:22]} {[%emt 00:00:34]} Rxb3 {[%clk 01:15:13]} {[%emt 00:00:09]}
38. Kf4 {[%clk 00:04:41]} {[%emt 00:00:10]} Rxa3 {[%clk 01:15:35]} {[%emt
00:00:07]} 39. Kf5 {[%emt 00:00:13]} Rxe3 {[%clk 01:15:50]} {[%emt 00:00:14]}
40. f4 {[%clk 00:05:24]} {[%emt 00:00:06]} a4 {[%clk 01:16:10]} {[%emt
00:00:10]} 41. g5 {[%clk 00:05:36]} {[%emt 00:00:18]} a3 {[%clk 01:16:31]}
{[%emt 00:00:09]} 42. h5 {[%clk 00:05:36]} {[%emt 00:00:29]} a2 {[%clk
01:16:49]} {[%emt 00:00:13]} 43. h6 {[%clk 00:05:32]} {[%emt 00:00:34]} g6
{[%clk 01:17:13]} {[%emt 00:00:06]} 44. Kf6 {[%clk 00:05:30]} {[%emt 00:00:32]}
a1=Q {[%clk 01:17:26]} {[%emt 00:00:16]} 45. Kg7 {[%clk 00:05:40]} {[%emt
00:00:21]} Qxd4+ {[%clk 01:17:33]} {[%emt 00:00:23]} 46. Kxf7 {[%clk 00:05:34]}
{[%emt 00:00:35]} Qxf4+ {[%clk 01:17:43]} {[%emt 00:00:20]} 47. Kg8 {[%clk
00:05:42]} {[%emt 00:00:23]} Re7 {[%emt 00:00:15]} 48. Kh8 {[%clk 00:05:57]}
{[%emt 00:00:13]} Qf8# {[%emt 00:00:07]} 0-1

[Event "DEM U12 2021"]
[Site "Willingen GER"]
[Date "2021.08.25"]
[Round "4"]
[White "Bock, Leonas"]
[Black "Zobel, Christian"]
[Result "0-1"]
[Termination "normal"]
[Board "18"]
[WhiteElo "1278"]
[BlackElo "1641"]
[WhiteClock "00:25:52"]
[BlackClock "00:48:20"]
[PlyCount "54"]
[WhiteFideId "16287118"]
[BlackFideId "16259068"]
[EventCountry "GER"]
[EventRounds "9"]
[EventType "swiss"]
[EventDate "2021.08.22"]

1. d4 {[%clk 01:30:57]} {[%emt 00:00:03]} Nf6 {[%clk 01:30:56]} {[%emt
00:00:04]} 2. Nf3 {[%clk 01:31:15]} {[%emt 00:00:12]} b6 {[%clk 01:31:19]}
{[%emt 00:00:07]} 3. e3 {[%clk 01:30:28]} {[%emt 00:01:17]} Bb7 {[%clk
01:31:04]} {[%emt 00:00:45]} 4. Nbd2 {[%clk 01:29:47]} {[%emt 00:01:10]} e6
{[%clk 01:30:44]} {[%emt 00:00:50]} 5. Bd3 {[%clk 01:29:39]} {[%emt 00:00:38]}
c5 {[%clk 01:30:03]} {[%emt 00:01:12]} 6. b3 {[%clk 01:28:24]} {[%emt
00:01:44]} cxd4 {[%clk 01:28:06]} {[%emt 00:02:28]} 7. exd4 {[%clk 01:28:43]}
{[%emt 00:00:10]} Nc6 {[%clk 01:26:53]} {[%emt 00:01:44]} 8. a3 {[%clk
01:24:20]} {[%emt 00:04:54]} Be7 {[%clk 01:25:03]} {[%emt 00:02:19]} 9. O-O
{[%clk 01:22:08]} {[%emt 00:02:41]} O-O {[%clk 01:24:04]} {[%emt 00:01:30]} 10.
Bb2 {[%clk 01:22:12]} {[%emt 00:00:26]} Nd5 {[%clk 01:18:21]} {[%emt 00:06:12]}
11. Ne5 {[%clk 01:08:29]} {[%emt 00:14:14]} Nf4 {[%clk 01:12:32]} {[%emt
00:06:19]} 12. Ndf3 {[%clk 01:07:36]} {[%emt 00:01:23]} Nxe5 {[%clk 01:10:21]}
{[%emt 00:02:41]} 13. dxe5 {[%clk 01:05:30]} {[%emt 00:02:36]} f6 {[%clk
01:05:31]} {[%emt 00:05:20]} 14. Re1 {[%clk 00:58:46]} {[%emt 00:07:12]} fxe5
{[%clk 01:03:21]} {[%emt 00:02:41]} 15. Bxe5 {[%clk 00:56:40]} {[%emt
00:02:36]} Nxg2 {[%clk 01:02:03]} {[%emt 00:01:49]} 16. Be4 {[%clk 00:52:22]}
{[%emt 00:04:48]} d5 {[%clk 00:55:14]} {[%emt 00:07:19]} 17. Kxg2 {[%clk
00:39:15]} {[%emt 00:13:37]} dxe4 {[%clk 00:55:35]} {[%emt 00:00:10]} 18. Nd4
{[%clk 00:37:59]} {[%emt 00:01:46]} Qd5 {[%clk 00:51:42]} {[%emt 00:04:23]} 19.
Bg3 {[%clk 00:34:57]} {[%emt 00:03:30]} Bf6 {[%clk 00:51:21]} {[%emt 00:00:52]}
20. c3 {[%clk 00:33:38]} {[%emt 00:01:49]} e3+ {[%clk 00:48:00]} {[%emt
00:03:51]} 21. f3 {[%clk 00:31:46]} {[%emt 00:02:21]} Bxd4 {[%clk 00:48:18]}
{[%emt 00:00:12]} 22. cxd4 {[%clk 00:27:48]} {[%emt 00:04:29]} Rxf3 {[%clk
00:48:39]} {[%emt 00:00:10]} 23. Be5 {[%clk 00:25:57]} {[%emt 00:02:21]} Rf2+
{[%clk 00:47:55]} {[%emt 00:01:13]} 24. Kh3 {[%clk 00:25:36]} {[%emt 00:00:50]}
Qg2+ {[%clk 00:47:40]} {[%emt 00:00:46]} 25. Kh4 {[%emt 00:00:30]} g5+ {[%clk
00:48:01]} 26. Kh5 {[%clk 00:25:54]} {[%emt 00:00:20]} Qh3+ {[%clk 00:48:23]}
{[%emt 00:00:08]} 27. Kxg5 {[%clk 00:25:52]} {[%emt 00:00:31]} Rf5# {[%clk
00:48:20]} {[%emt 00:00:04]} 0-1

[Event "DEM U12 2021"]
[Site "Willingen GER"]
[Date "2021.08.25"]
[Round "4"]
[White "Schröder, Jan-Hendrik"]
[Black "Middendorf, Sven-Jonas"]
[Result "0-1"]
[Termination "normal"]
[Board "19"]
[WhiteElo "1246"]
[BlackElo "1407"]
[WhiteClock "00:14:15"]
[BlackClock "00:12:54"]
[PlyCount "124"]
[WhiteFideId "16283538"]
[BlackFideId "16287207"]
[EventCountry "GER"]
[EventRounds "9"]
[EventType "swiss"]
[EventDate "2021.08.22"]

1. e4 {[%clk 01:30:08]} {[%emt 00:00:49]} e5 {[%clk 01:30:55]} {[%emt
00:00:06]} 2. Nf3 {[%clk 01:29:32]} {[%emt 00:01:05]} Nc6 {[%clk 01:31:22]}
{[%emt 00:00:04]} 3. d4 {[%clk 01:28:18]} {[%emt 00:01:44]} exd4 {[%clk
01:31:31]} {[%emt 00:00:22]} 4. Nxd4 {[%clk 01:27:31]} {[%emt 00:01:16]} Nf6
{[%clk 01:31:32]} {[%emt 00:00:30]} 5. Nc3 {[%clk 01:26:11]} {[%emt 00:01:49]}
Bb4 {[%clk 01:31:37]} {[%emt 00:00:24]} 6. Nxc6 {[%clk 01:25:08]} {[%emt
00:01:35]} bxc6 {[%clk 01:31:18]} {[%emt 00:00:49]} 7. Bd3 {[%clk 01:23:48]}
{[%emt 00:01:49]} d5 {[%clk 01:25:07]} {[%emt 00:06:42]} 8. exd5 {[%clk
01:22:34]} {[%emt 00:01:44]} Qe7+ {[%clk 01:23:18]} {[%emt 00:02:18]} 9. Qe2
{[%clk 01:20:41]} {[%emt 00:02:22]} Qxe2+ {[%clk 01:23:09]} {[%emt 00:00:40]}
10. Bxe2 {[%clk 01:20:01]} {[%emt 00:01:09]} Nxd5 {[%clk 01:22:04]} {[%emt
00:01:36]} 11. Bd2 {[%clk 01:19:02]} {[%emt 00:01:28]} Nxc3 {[%clk 01:19:51]}
{[%emt 00:02:45]} 12. bxc3 {[%clk 01:17:13]} {[%emt 00:02:18]} Ba5 {[%clk
01:17:16]} {[%emt 00:03:05]} 13. Bf3 {[%clk 01:15:02]} {[%emt 00:02:40]} Bd7
{[%clk 01:15:50]} {[%emt 00:01:58]} 14. O-O {[%clk 01:14:13]} {[%emt 00:01:18]}
O-O-O {[%clk 01:13:14]} {[%emt 00:03:15]} 15. Rab1 {[%clk 01:06:07]} {[%emt
00:08:28]} Bb6 {[%clk 01:08:57]} {[%emt 00:04:47]} 16. Rb2 {[%clk 01:05:59]}
{[%emt 00:00:38]} Be6 {[%clk 01:01:55]} {[%emt 00:07:32]} 17. Be3 {[%clk
00:59:19]} {[%emt 00:07:10]} Bd5 {[%clk 00:58:16]} {[%emt 00:04:09]} 18. Rfb1
{[%clk 00:53:43]} {[%emt 00:06:06]} Bxf3 {[%clk 00:55:09]} {[%emt 00:03:36]}
19. gxf3 {[%clk 00:53:55]} {[%emt 00:00:18]} Kb7 {[%clk 00:50:08]} {[%emt
00:05:33]} 20. a4 {[%clk 00:52:59]} {[%emt 00:01:26]} Ka8 {[%clk 00:50:01]}
{[%emt 00:00:37]} 21. a5 {[%clk 00:51:01]} {[%emt 00:02:28]} Bxa5 {[%clk
00:45:15]} {[%emt 00:05:15]} 22. Ra2 {[%clk 00:51:12]} {[%emt 00:00:19]} Bb6
{[%clk 00:45:31]} {[%emt 00:00:14]} 23. Bxb6 {[%clk 00:51:36]} {[%emt
00:00:06]} cxb6 {[%clk 00:45:58]} {[%emt 00:00:03]} 24. Rxb6 {[%clk 00:51:36]}
{[%emt 00:00:30]} Rc8 {[%clk 00:46:02]} {[%emt 00:00:26]} 25. Raa6 {[%clk
00:50:52]} {[%emt 00:01:14]} Rhd8 {[%clk 00:39:32]} {[%emt 00:07:00]} 26. Rb2
{[%clk 00:47:50]} {[%emt 00:03:32]} Rd6 {[%clk 00:34:24]} {[%emt 00:05:38]} 27.
Rba2 {[%clk 00:47:14]} {[%emt 00:01:06]} Rc7 {[%clk 00:34:25]} {[%emt
00:00:29]} 28. R6a4 {[%clk 00:44:57]} {[%emt 00:02:47]} Rg6+ {[%clk 00:30:41]}
{[%emt 00:04:14]} 29. Rg4 {[%clk 00:45:00]} {[%emt 00:00:27]} h5 {[%clk
00:30:15]} {[%emt 00:00:56]} 30. Rxg6 {[%clk 00:45:19]} {[%emt 00:00:11]} fxg6
{[%clk 00:30:43]} {[%emt 00:00:03]} 31. Kg2 {[%clk 00:45:23]} {[%emt 00:00:25]}
Rf7 {[%clk 00:30:03]} {[%emt 00:01:10]} 32. Kg3 {[%clk 00:45:26]} {[%emt
00:00:27]} Rf5 {[%clk 00:29:37]} {[%emt 00:00:56]} 33. f4 {[%clk 00:45:03]}
{[%emt 00:00:52]} Rc5 {[%clk 00:29:17]} {[%emt 00:00:51]} 34. Ra3 {[%clk
00:43:45]} {[%emt 00:01:48]} Kb7 {[%clk 00:27:24]} {[%emt 00:02:23]} 35. Kf3
{[%clk 00:42:21]} {[%emt 00:01:54]} Kb6 {[%clk 00:26:18]} {[%emt 00:01:35]} 36.
Ke4 {[%clk 00:40:31]} {[%emt 00:02:20]} a5 {[%clk 00:23:06]} {[%emt 00:03:43]}
37. h4 {[%clk 00:34:30]} {[%emt 00:06:30]} Rc4+ {[%clk 00:20:10]} {[%emt
00:03:27]} 38. Ke5 {[%clk 00:30:22]} {[%emt 00:04:38]} a4 {[%clk 00:17:59]}
{[%emt 00:02:41]} 39. f3 {[%clk 00:25:36]} {[%emt 00:05:15]} Ka5 {[%clk
00:16:50]} {[%emt 00:01:40]} 40. f5 {[%clk 00:18:15]} {[%emt 00:07:51]} Rc5
{[%clk 00:14:29]} {[%emt 00:02:51]} 41. Kd6 {[%clk 00:16:53]} {[%emt 00:01:52]}
Rxf5 {[%clk 00:14:17]} {[%emt 00:00:42]} 42. c4 {[%clk 00:14:12]} {[%emt
00:03:11]} Kb4 {[%clk 00:13:42]} {[%emt 00:01:05]} 43. Re3 {[%clk 00:13:29]}
{[%emt 00:01:13]} Ra5 {[%clk 00:12:22]} {[%emt 00:01:50]} 44. f4 {[%clk
00:10:16]} {[%emt 00:03:43]} a3 {[%clk 00:12:02]} {[%emt 00:00:50]} 45. Re5
{[%clk 00:09:33]} {[%emt 00:01:12]} Rxe5 {[%clk 00:11:09]} {[%emt 00:01:23]}
46. fxe5 {[%clk 00:09:59]} {[%emt 00:00:05]} a2 {[%clk 00:11:34]} {[%emt
00:00:05]} 47. e6 {[%clk 00:10:23]} {[%emt 00:00:06]} a1=Q {[%clk 00:11:54]}
{[%emt 00:00:09]} 48. e7 {[%clk 00:10:45]} {[%emt 00:00:09]} Qe1 {[%clk
00:12:16]} {[%emt 00:00:07]} 49. Kd7 {[%clk 00:10:53]} {[%emt 00:00:23]} Qxe7+
{[%clk 00:10:36]} {[%emt 00:02:10]} 50. Kxe7 {[%clk 00:11:16]} {[%emt
00:00:07]} g5 {[%clk 00:10:58]} {[%emt 00:00:07]} 51. hxg5 {[%clk 00:11:31]}
{[%emt 00:00:16]} h4 {[%clk 00:11:22]} {[%emt 00:00:06]} 52. g6 {[%clk
00:11:42]} {[%emt 00:00:19]} h3 {[%clk 00:11:35]} {[%emt 00:00:18]} 53. Kf7
{[%clk 00:12:11]} h2 {[%emt 00:00:16]} 54. Kxg7 {[%clk 00:12:34]} h1=Q {[%clk
00:12:16]} {[%emt 00:00:09]} 55. Kg8 {[%clk 00:12:23]} {[%emt 00:00:42]} Qg2
{[%clk 00:12:28]} {[%emt 00:00:17]} 56. g7 {[%clk 00:12:47]} {[%emt 00:00:07]}
Kxc4 {[%clk 00:11:18]} {[%emt 00:01:39]} 57. Kf7 {[%clk 00:13:08]} {[%emt
00:00:09]} Qf3+ {[%clk 00:11:41]} {[%emt 00:00:06]} 58. Ke7 {[%clk 00:13:10]}
{[%emt 00:00:29]} Qg4 {[%clk 00:11:58]} {[%emt 00:00:11]} 59. Kf6 {[%clk
00:13:27]} {[%emt 00:00:14]} Kc3 {[%clk 00:11:56]} {[%emt 00:00:33]} 60. Kf7
{[%clk 00:13:43]} {[%emt 00:00:14]} Kxc2 {[%clk 00:12:03]} {[%emt 00:00:22]}
61. g8=Q {[%clk 00:13:56]} {[%emt 00:00:13]} Qxg8+ {[%clk 00:12:30]} {[%emt
00:00:08]} 62. Kxg8 {[%clk 00:14:15]} {[%emt 00:00:11]} c5 {[%clk 00:12:54]}
{[%emt 00:00:06]} 0-1

[Event "DEM U12 2021"]
[Site "Willingen GER"]
[Date "2021.08.25"]
[Round "4"]
[White "Nönnig, Jakob"]
[Black "Lehmann, Simon"]
[Result "1-0"]
[Termination "normal"]
[Board "20"]
[WhiteElo "1442"]
[BlackElo "1484"]
[WhiteClock "00:07:06"]
[BlackClock "00:30:50"]
[PlyCount "59"]
[WhiteFideId "16289447"]
[BlackFideId "16292537"]
[EventCountry "GER"]
[EventRounds "9"]
[EventType "swiss"]
[EventDate "2021.08.22"]

1. e4 {[%clk 01:30:58]} {[%emt 00:00:02]} d6 {[%clk 01:30:55]} {[%emt
00:00:06]} 2. d4 {[%clk 01:31:22]} {[%emt 00:00:06]} Nf6 {[%clk 01:31:21]}
{[%emt 00:00:04]} 3. Nc3 {[%clk 01:31:39]} {[%emt 00:00:12]} g6 {[%clk
01:31:44]} {[%emt 00:00:07]} 4. Be3 {[%clk 01:31:51]} {[%emt 00:00:18]} Bg7
{[%clk 01:32:05]} {[%emt 00:00:09]} 5. h3 {[%clk 01:31:39]} {[%emt 00:00:42]}
c5 {[%clk 01:31:41]} {[%emt 00:00:55]} 6. Nge2 {[%clk 01:28:09]} {[%emt
00:03:59]} cxd4 {[%clk 01:31:17]} {[%emt 00:00:55]} 7. Nxd4 {[%clk 01:27:58]}
{[%emt 00:00:40]} O-O {[%clk 01:31:27]} {[%emt 00:00:20]} 8. Bc4 {[%clk
01:14:44]} {[%emt 00:13:45]} Nxe4 {[%clk 01:30:45]} {[%emt 00:01:12]} 9. Nxe4
{[%clk 01:14:19]} {[%emt 00:00:53]} d5 {[%emt 00:02:36]} 10. Bd3 {[%clk
01:13:08]} dxe4 {[%clk 01:30:24]} {[%emt 00:00:27]} 11. Bxe4 {[%clk 01:13:14]}
{[%emt 00:00:23]} Kh8 {[%clk 01:29:19]} {[%emt 00:01:32]} 12. f4 {[%clk
01:01:19]} {[%emt 00:12:29]} e5 {[%clk 01:28:23]} {[%emt 00:01:24]} 13. Ne2
{[%clk 00:53:57]} {[%emt 00:07:54]} f5 {[%clk 01:27:55]} {[%emt 00:00:58]} 14.
Bd5 {[%clk 00:52:49]} {[%emt 00:01:38]} Nc6 {[%clk 01:25:01]} {[%emt 00:03:23]}
15. c3 {[%clk 00:52:32]} {[%emt 00:00:47]} Bd7 {[%clk 01:24:18]} {[%emt
00:01:11]} 16. O-O {[%clk 00:52:20]} {[%emt 00:00:44]} Qc7 {[%clk 01:16:47]}
{[%emt 00:07:59]} 17. Qe1 {[%clk 00:46:47]} {[%emt 00:06:02]} Ne7 {[%clk
01:11:47]} {[%emt 00:05:31]} 18. Bb3 {[%clk 00:46:26]} {[%emt 00:00:53]} Rad8
{[%clk 01:10:00]} {[%emt 00:02:16]} 19. Qf2 {[%clk 00:44:47]} {[%emt 00:02:11]}
b6 {[%clk 01:08:03]} {[%emt 00:02:27]} 20. fxe5 {[%clk 00:40:46]} {[%emt
00:04:30]} Bxe5 {[%clk 01:07:03]} {[%emt 00:01:30]} 21. Bh6 {[%clk 00:36:42]}
{[%emt 00:04:34]} Bg7 {[%clk 01:04:33]} {[%emt 00:03:01]} 22. Bxg7+ {[%clk
00:34:17]} {[%emt 00:02:55]} Kxg7 {[%clk 01:04:57]} {[%emt 00:00:06]} 23. Kh1
{[%clk 00:29:43]} {[%emt 00:05:03]} Rf6 {[%clk 00:54:38]} {[%emt 00:10:49]} 24.
Nf4 {[%clk 00:28:37]} {[%emt 00:01:36]} Qc6 {[%clk 00:50:47]} {[%emt 00:04:22]}
25. Rfe1 {[%clk 00:23:30]} {[%emt 00:05:36]} Re8 {[%clk 00:48:29]} {[%emt
00:02:48]} 26. Qg3 {[%clk 00:23:03]} {[%emt 00:00:57]} Kh8 {[%clk 00:43:33]}
{[%emt 00:05:25]} 27. Red1 {[%clk 00:13:58]} {[%emt 00:09:37]} b5 {[%clk
00:36:17]} {[%emt 00:07:46]} 28. Re1 {[%clk 00:12:22]} {[%emt 00:02:06]} Rd6
{[%clk 00:32:37]} {[%emt 00:04:09]} 29. Nh5 {[%clk 00:06:59]} {[%emt 00:05:53]}
Be6 {[%clk 00:30:50]} {[%emt 00:02:16]} 30. Qe5+ {[%clk 00:07:06]} {[%emt
00:00:25]} 1-0

[Event "DEM U12 2021"]
[Site "Willingen GER"]
[Date "2021.08.25"]
[Round "4"]
[White "Wieser, Rouven"]
[Black "Wolff, Calvin"]
[Result "1-0"]
[Termination "normal"]
[Board "21"]
[WhiteElo "1295"]
[BlackElo "1368"]
[WhiteClock "00:05:20"]
[BlackClock "00:04:23"]
[PlyCount "91"]
[WhiteFideId "34608761"]
[BlackFideId "16269969"]
[EventCountry "GER"]
[EventRounds "9"]
[EventType "swiss"]
[EventDate "2021.08.22"]

1. e4 {[%clk 01:30:52]} {[%emt 00:00:08]} e5 {[%clk 01:30:43]} {[%emt
00:00:17]} 2. Nf3 {[%clk 01:31:13]} {[%emt 00:00:08]} Nc6 {[%clk 01:30:44]}
{[%emt 00:00:30]} 3. Bc4 {[%clk 01:30:56]} {[%emt 00:00:46]} Bc5 {[%clk
01:30:45]} {[%emt 00:00:30]} 4. O-O {[%clk 01:28:17]} {[%emt 00:03:06]} Nf6
{[%clk 01:30:54]} {[%emt 00:00:24]} 5. d4 {[%clk 01:27:34]} {[%emt 00:01:13]}
exd4 {[%clk 01:27:18]} {[%emt 00:04:06]} 6. e5 {[%clk 01:26:24]} {[%emt
00:01:40]} d5 {[%clk 01:25:43]} {[%emt 00:02:05]} 7. exf6 {[%clk 01:25:48]}
{[%emt 00:01:06]} dxc4 {[%clk 01:25:59]} {[%emt 00:00:14]} 8. fxg7 {[%clk
01:26:09]} {[%emt 00:00:09]} Rg8 {[%clk 01:26:07]} {[%emt 00:00:22]} 9. Re1+
{[%clk 01:26:20]} {[%emt 00:00:19]} Be7 {[%clk 01:17:01]} {[%emt 00:09:36]} 10.
Bg5 {[%clk 01:23:54]} {[%emt 00:02:56]} Be6 {[%clk 01:17:00]} {[%emt 00:00:30]}
11. Bxe7 {[%clk 01:21:24]} {[%emt 00:03:01]} Qxe7 {[%clk 01:14:29]} {[%emt
00:03:01]} 12. Nxd4 {[%clk 01:17:08]} {[%emt 00:04:46]} Rd8 {[%clk 01:09:38]}
{[%emt 00:05:36]} 13. c3 {[%clk 01:13:09]} {[%emt 00:04:14]} Rxg7 {[%clk
01:07:26]} {[%emt 00:02:43]} 14. Qf3 {[%clk 01:01:53]} {[%emt 00:11:45]} Nxd4
{[%clk 01:02:09]} {[%emt 00:05:48]} 15. cxd4 {[%clk 01:01:14]} {[%emt
00:01:09]} Kf8 {[%clk 00:59:54]} {[%emt 00:02:45]} 16. Nc3 {[%clk 00:59:10]}
{[%emt 00:02:34]} Rxd4 {[%clk 00:45:09]} {[%emt 00:15:15]} 17. Qxb7 {[%clk
00:55:30]} {[%emt 00:04:09]} c5 {[%clk 00:31:19]} {[%emt 00:14:21]} 18. Qc6
{[%clk 00:46:36]} {[%emt 00:09:24]} Qg5 {[%clk 00:24:06]} {[%emt 00:07:43]} 19.
g3 {[%clk 00:39:38]} {[%emt 00:07:27]} h5 {[%clk 00:19:36]} {[%emt 00:05:01]}
20. Ne4 {[%clk 00:34:03]} {[%emt 00:06:04]} Qd8 {[%clk 00:16:54]} {[%emt
00:03:12]} 21. Nxc5 {[%clk 00:31:11]} {[%emt 00:03:22]} Rd6 {[%clk 00:14:41]}
{[%emt 00:02:44]} 22. Nxe6+ {[%clk 00:29:15]} {[%emt 00:02:26]} fxe6 {[%clk
00:14:30]} {[%emt 00:00:40]} 23. Qxc4 {[%clk 00:22:10]} {[%emt 00:07:35]} Qb6
{[%clk 00:13:49]} {[%emt 00:01:11]} 24. Rac1 {[%clk 00:19:32]} {[%emt
00:03:08]} Rf7 {[%clk 00:13:24]} {[%emt 00:00:55]} 25. Re2 {[%clk 00:16:51]}
{[%emt 00:03:12]} Kg7 {[%clk 00:10:11]} {[%emt 00:03:43]} 26. Qc5 {[%clk
00:15:24]} {[%emt 00:01:56]} Qa6 {[%clk 00:10:11]} {[%emt 00:00:30]} 27. Qxh5
{[%clk 00:13:55]} {[%emt 00:01:59]} Qb7 {[%clk 00:09:04]} {[%emt 00:01:36]} 28.
Qg4+ {[%clk 00:12:54]} {[%emt 00:01:32]} Kf8 {[%clk 00:07:17]} {[%emt
00:02:18]} 29. Rec2 {[%clk 00:11:49]} {[%emt 00:01:34]} Rfd7 {[%clk 00:06:55]}
{[%emt 00:00:51]} 30. h4 {[%clk 00:09:15]} {[%emt 00:03:05]} Rd4 {[%clk
00:06:25]} {[%emt 00:01:01]} 31. Rc8+ {[%clk 00:08:27]} {[%emt 00:01:18]} Kf7
{[%clk 00:05:35]} {[%emt 00:01:20]} 32. Qe2 {[%clk 00:07:20]} {[%emt 00:01:36]}
Rd2 {[%clk 00:05:29]} {[%emt 00:00:36]} 33. Qh5+ {[%clk 00:06:14]} {[%emt
00:01:36]} Kg7 {[%clk 00:04:55]} {[%emt 00:01:04]} 34. Qg4+ {[%clk 00:05:23]}
{[%emt 00:01:21]} Kh7 {[%clk 00:04:53]} {[%emt 00:00:32]} 35. R8c2 {[%clk
00:04:44]} {[%emt 00:01:08]} Rxc2 {[%clk 00:04:42]} {[%emt 00:00:43]} 36. Rxc2
{[%clk 00:05:00]} {[%emt 00:00:14]} Rd5 {[%clk 00:03:57]} {[%emt 00:01:15]} 37.
Qe4+ {[%clk 00:04:12]} {[%emt 00:01:17]} Kg7 {[%clk 00:04:08]} {[%emt
00:00:19]} 38. Rd2 {[%clk 00:04:07]} {[%emt 00:00:35]} Qc6 {[%clk 00:04:04]}
{[%emt 00:00:34]} 39. Rxd5 {[%clk 00:03:49]} {[%emt 00:00:48]} exd5 {[%clk
00:04:22]} {[%emt 00:00:12]} 40. Qe7+ {[%clk 00:03:59]} {[%emt 00:00:20]} Kg6
{[%clk 00:04:32]} {[%emt 00:00:21]} 41. Qg5+ {[%clk 00:03:46]} {[%emt
00:00:43]} Kf7 {[%clk 00:04:37]} {[%emt 00:00:24]} 42. h5 {[%clk 00:03:59]}
{[%emt 00:00:17]} Qc4 {[%clk 00:03:43]} {[%emt 00:01:25]} 43. Qf4+ {[%clk
00:04:20]} {[%emt 00:00:09]} Kg7 {[%clk 00:03:38]} {[%emt 00:00:35]} 44. Qxc4
{[%clk 00:04:41]} {[%emt 00:00:09]} dxc4 {[%clk 00:03:57]} {[%emt 00:00:11]}
45. f4 {[%emt 00:00:15]} a5 {[%clk 00:04:23]} 46. Kf2 {[%clk 00:05:20]} {[%emt
00:00:09]} 1-0